Bảng tra các thông số kỹ thuật vật liệu dùng trong nghề cá

שמור ב:
מידע ביבליוגרפי
מחבר ראשי: Lê Xuân Tài
פורמט: ספר
שפה:Undetermined
יצא לאור: Nha Trang Trường Đại học Thuỷ sản 1996
נושאים:
תגים: הוספת תג
אין תגיות, היה/י הראשונ/ה לתייג את הרשומה!
Thư viện lưu trữ: Trung tâm Học liệu Trường Đại học Cần Thơ
LEADER 00560nam a2200181Ia 4500
001 CTU_66614
008 210402s9999 xx 000 0 und d
082 |a 639.2 
082 |b T103 
100 |a Lê Xuân Tài 
245 0 |a Bảng tra các thông số kỹ thuật vật liệu dùng trong nghề cá 
245 0 |c Nguyễn Văn Tài 
260 |a Nha Trang 
260 |b Trường Đại học Thuỷ sản 
260 |c 1996 
650 |a Fishing Nets 
904 |i Truc 
980 |a Trung tâm Học liệu Trường Đại học Cần Thơ